000 00647nam a2200217 a 4500
001 19713
003 CO-ViMGA
008 141112s2004 ck r 000 u spa d
020 _a8449305993
040 _aCO-ViMGA
_bspa
_cCO-ViMGA
082 0 4 _a370.193 B651s
100 1 _aBonal, Xavier
_928535
245 1 0 _aSociologia de la educación :
_buna aproximación crítica a las corrientes contemporáneas
260 _aBarcelona :
_bPaidos,
_c1998
300 _a239 p.
490 _aPapeles de pedagogía
590 _aForma de adquisición : Premio Mincultura
650 1 4 _aPEDAGOGIA
650 1 4 _aPSICOLOGIA DE LA educación
942 _2ddc
_cBK
999 _c28848
_d28848